000 00475nam a2200181Ia 4500
005 20250326130417.0
008 250326s9999 xx 000 0 und d
037 _aTextbook
040 _aFMSL
_beng
_cFMSL
041 _aeng
_2eng
084 _aSNIob L3
_qFMSL
100 _aBaker F
_9127354
245 0 _aOrganizational system
_cBaker F
260 _aNY
_bNY, Richard D Irwin
_c1973
300 _a539p
942 _cTB
_hSNIob L3
999 _c1282370
_d1282370